Podnikání a marketing v cestovním ruchu

Cestovný ruch predstavuje komplexné hospodársko-ekonomické odvetvie, ktoré významným spôsobom ovplyvňuje zamestnanosť, platobnú bilanciu a socioekonomický rozvoj regiónov, podieľa sa na tvorbe hrubého domáceho produktu, má vplyv na príjmy miestnych rozpočtov, prispieva k ochrane a uchovaniu prírodné...

Descrizione completa

Salvato in:
Dettagli Bibliografici
Autore principale: Vavrečka, Vladimír
Natura: Capitolo di libro
Lingua:ceco
Soggetti:
Tags: Aggiungi Tag
Nessun Tag, puoi essere il primo ad aggiungerne!!

MARC

LEADER 00000nla a2200000 4500
001 0199982
005 20240417075056.4
041 0 |a cze 
044 |a CZ 
245 1 0 |a Podnikání a marketing v cestovním ruchu  |c Vladimír Vavrečka 
520 |a Cestovný ruch predstavuje komplexné hospodársko-ekonomické odvetvie, ktoré významným spôsobom ovplyvňuje zamestnanosť, platobnú bilanciu a socioekonomický rozvoj regiónov, podieľa sa na tvorbe hrubého domáceho produktu, má vplyv na príjmy miestnych rozpočtov, prispieva k ochrane a uchovaniu prírodného a kultúrneho bohatstva a v neposlednom rade podporuje aj investičnú aktivitu v regiónoch. Cestovný ruch je odvetvím sektoru služieb, ktorý v ekonomikách vyspelých štátov predstavuje už nadpolovičný až dvojtretinový podiel, ale vykazuje veľmi silnú väzbu na dopyt. Trendy vo vývoji cestovného ruchu, podnikaní a marketingu. 
610 2 0 |a ruch cestovný domáci 
610 2 0 |a ruch cestovný zahraničný 
610 2 0 |a ruch cestovný regionálny 
610 2 0 |a dopyt spotrebiteľský 
610 2 0 |a podnikanie 
610 2 0 |a marketing 
100 1 |a Vavrečka, Vladimír